| 000 | 00000cam 2200000zi 4500 |
| 001 | 9.962283 |
| 003 | CaOODSP |
| 005 | 20260605141435 |
| 006 | m o d f |
| 007 | cr cn||||||||| |
| 008 | 260428e202605##onca ob f000 0 fre d |
| 020 | |a9780660997452 |q(déclaration) |
| 020 | |a9780660997469 |q(résumé) |
| 040 | |aCaOODSP|bfre|erda|cCaOODSP |
| 043 | |an-cn--- |
| 086 | 1 |aHP40-403/2026F-PDF |
| 086 | 1 |aHP40-403/2026-1F-PDF |
| 245 | 00|aRéponse rapide du CCNI : |bmise à jour sur l'utilisation des vaccins conjugués quadrivalents contre le méningocoque chez les enfants de moins de 2 ans. |
| 246 | 17|aMise à jour sur l'utilisation des vaccins conjugués quadrivalents contre le méningocoque chez les enfants de moins de 2 ans |
| 264 | 1|aOttawa (Ontario) : |bAgence de la santé publique du Canada = Public Health Agency of Canada, |cmai 2026. |
| 264 | 4|c©2026 |
| 300 | |a1 ressource en ligne (56 pages) : |billustrations en couleur + |esommaire (5 pages) |
| 336 | |atexte|btxt|2rdacontent/fre |
| 337 | |ainformatique|bc|2rdamedia/fre |
| 338 | |aressource en ligne|bcr|2rdacarrier/fre |
| 500 | |aPublié aussi en anglais sous le titre : NACI rapid response: update on the use of quadrivalent conjugate meningococcal vaccines in children under 2 years of age. |
| 500 | |aTitre de la couverture. |
| 500 | |a« Une déclaration d'un comité consultatif (DCC), Comité consultatif national de l'immunisation (CCNI). » |
| 500 | |a« Pub. : 260054 » -- Page 2 (déclaration). |
| 500 | |a« Pub. : 260052 » -- Page 2 (résumé). |
| 504 | |aComprend des références bibliographiques (pages 51-58). |
| 650 | 6|aMéningococcies|xVaccination|xPolitique gouvernementale|zCanada. |
| 650 | 6|aNourrissons|xVaccination|xPolitique gouvernementale|zCanada. |
| 650 | 6|aVaccins antibactériens|xPolitique gouvernementale|zCanada. |
| 710 | 2 |aAgence de santé publique du Canada, |eorganisme de publication. |
| 710 | 1 |aCanada. |bComité consultatif national de l'immunisation, |eorganisme de publication. |
| 775 | 08|tNACI rapid response : |w(CaOODSP)9.962284 |
| 856 | 40|qPDF|s972 Ko|uhttps://publications.gc.ca/collections/collection_2026/aspc-phac/HP40-403-2026-fra.pdf|zDéclaration |
| 856 | 40|qPDF|s240 Ko|uhttps://publications.gc.ca/collections/collection_2026/aspc-phac/HP40-403-2026-1-fra.pdf|zRésumé |
| 986 | |a260054 |
| 986 | |a260052 |